000 00441nam a2200145Ia 4500
008 151213s9999 xx 000 0 und d
100 _aSH. Shaukat Mahmood , SH. Nadem Shaukat
245 _aTransfer of Property Act
_cSH. Shaukat Mahmood , SH. Nadem Shaukat
260 _aPakistan
_bLeagl Research Centre
_c2003
300 _a5879 p.
650 _aLaw
650 _aLaw
700 _aSH. Shaukat Mahmood , SH. Nadem Shaukat
999 _c3410
_d3410